RICS Practice Alert - HDR Expert Witness (Record no. 122144)

MARC details
000 -LEADER
fixed length control field 01709nam a22002657a 4500
008 - FIXED-LENGTH DATA ELEMENTS--GENERAL INFORMATION
fixed length control field 250425e20250424xxk|||||o|||| 00| 0 eng d
041 ## - LANGUAGE CODE
Language code of text/sound track or separate title eng
110 ## - MAIN ENTRY--CORPORATE NAME
Corporate author Royal Institution of Chartered Surveyors
245 ## - TITLE STATEMENT
Title RICS Practice Alert - HDR Expert Witness
Medium [Email update]
260 ## - PUBLICATION INFORMATION
Place of publication London,
Publisher Royal Institution of Chartered Surveyors,
Date 24 April 2025
300 ## - PHYSICAL DESCRIPTION
Physical description email
490 ## - SERIES TITLE
Series statement RICS Practice Alert
520 ## - ABSTRACT
Abstract This Alert acts as a reminder to RICS Members of their legal, professional and regulatory obligations when providing expert witness services in all cases, and to warn of specific risks in housing disrepair and other high volume work. In October 2025, significant changes will be implemented in the UK concerning the fitness standards for social housing, primarily through the introduction of Awaab's Law. This legislation mandates that social landlords address specific hazards within their properties within set timeframes to ensure tenant safety and well-being. We understand that the implementation of Awaab’s Law will potentially increase the number of claims and we are dedicated to ensuring that RICS members strictly adhere to expected standards.
650 ## - KEYWORDS
Keywords EXPERT WITNESSES
650 ## - KEYWORDS
Keywords HOUSING
650 ## - KEYWORDS
Keywords HOUSING DISREPAIR
650 ## - KEYWORDS
Keywords HOUSING HEALTH AND SAFETY RATING SYSTEM
650 ## - KEYWORDS
Keywords SOCIAL HOUSING
650 ## - KEYWORDS
Keywords SOCIAL HOUSING (REGULATION) ACT 2023
651 ## - SUBJECT ADDED ENTRY--GEOGRAPHIC NAME
Geographic name United Kingdom
690 ## - BROAD SUBJECT
Broad subject Residential property
9 (RLIN) 6266
710 ## - ADDED CORPORATE NAME
Added corporate author Royal Institution of Chartered Surveyors
856 ## - ONLINE RESOURCE
Uniform Resource Identifier <a href="https://www.rics.org/content/dam/ricsglobal/documents/regulation/HDR-expert-witness-practice-alert.pdf">https://www.rics.org/content/dam/ricsglobal/documents/regulation/HDR-expert-witness-practice-alert.pdf</a>
Public note View the online Practice Update
942 ## - ADDED ENTRY ELEMENTS (KOHA)
Suppress in OPAC Do not suppress in OPAC
Holdings
Lost status Source of classification or shelving scheme Damaged status Not for loan Current library Shelving location Date acquired Total Checkouts Full call number Date last seen Price effective from Koha item type
  Dewey Decimal Classification     Virtual Online 25/04/2025   email 25/04/2025 25/04/2025 email